| 000 | 00486nam a2200193Ia 4500 | ||
|---|---|---|---|
| 008 | 170918s9999 xx 000 0 und d | ||
| 020 | _a9780439562454 | ||
| 050 | _bL931 2002 | ||
| 100 | _aLucado, Max | ||
| 245 | _aIf only I had a green nose / | ||
| 245 | _cMax Lucado ; illustrations by Sergio Martinez. | ||
| 260 | _aNew York : | ||
| 260 | _bScholastic, | ||
| 260 | _c2002 | ||
| 300 | _a31 pages : | ||
| 300 | _bcolored illustration ; | ||
| 300 | _c26cm. | ||
| 500 | _a530 | ||
| 999 |
_c341578 _d341578 |
||